Представление документа в формате RUSMARC

ПолеНазваниеЗначение
  Тип записи a
  Библиографический уровень a
001 Контрольный номер UONB/MAIN/bf17f890363e4246a216f1a1b2f2e2a4
005 Дата корректировки 20260403145052.3
100 Данные общей обработки __
a Данные общей обработки 20260403 ||| 0rusy0189 ca
101 Язык документа 0_
a Язык текста rus
102 Страна публикации __
a Страна публикации RU
200 Заглавие и сведения об ответственности 1_
a Заглавие Играем и познаем: выбор народной куклы для дошкольников
f Первые сведения об ответственности Ж. В. Мацкевич, Н. В. Давыдова
203 Вид содержания и тип средства __
a Вид содержания Текст
c Тип средства непосредственный
215 Физическое описание __
c Иллюстрации/тип воспроизводства ил.
225 Серия 1_
a Серия Методика обучения детей
225 Серия 1_
a Серия Дополнительное образование
320 Библиография __
a Библиография Библиогр.: с. 33 (10 назв.)
330 Аннотация __
a Аннотация Обосновываются принципы отбора народных кукол и формирование сюжетного репертуара для организации и проведения "Этнографической игры" в условиях дошкольной организации. Описываются результаты опытно-практической работы и приводится сценарий мастер-класса по созданию народной куклы стригушки с детьми старшего дошкольного возраста и их родителями.
333 Примечание о целевом назначении __
a Примечание о целевом назначении 0+
461 Уровень набора _0
1 2000
a Дошкольное воспитание
1 011
a 0012-561X
463 Уровень физической единицы _0
1 2000
a № 1
v С. 28-33
1 2101
d 2026
1 001UONB/MAIN/90fe6499ba09496fbb99bb4080cff8e6
606 Тематические рубрики 0_
a Основная рубрика Образование. Педагогика
606 Тематические рубрики 0_
a Основная рубрика Дошкольная педагогика
610 Ключевые слова 0_
a Ключевые слова дошкольники
610 Ключевые слова 0_
a Ключевые слова дети дошкольного возраста
610 Ключевые слова 0_
a Ключевые слова народная культура
610 Ключевые слова 0_
a Ключевые слова народные куклы
610 Ключевые слова 0_
a Ключевые слова русские народные куклы
610 Ключевые слова 0_
a Ключевые слова тряпичные куклы
610 Ключевые слова 0_
a Ключевые слова куклы-обереги
610 Ключевые слова 0_
a Ключевые слова сюжетные игры
610 Ключевые слова 0_
a Ключевые слова игровой репертуар
610 Ключевые слова 0_
a Ключевые слова мастер-классы
610 Ключевые слова 0_
a Ключевые слова стригушка
610 Ключевые слова 0_
a Ключевые слова занятия для дошкольников
610 Ключевые слова 0_
a Ключевые слова конспекты занятий
686 Индексы других классификаций __
2 Код системы rubbk
700 Автор _1
a Фамилия Мацкевич
b Имя (инициалы) Ж. В.
g Полное личное имя Жанна Владимировна
p Наименование/ адрес организации ФГБОУ ВО "Московский педагогический государственный университет"
4 Код отношения 070
c Титул (звания) кандидат педагогических наук
c Титул (звания) доцент кафедры эстетического воспитания детей дошкольного возраста
701 Альтернативная интеллектуальная ответственность _1
a Фамилия Давыдова
b Имя (инициалы) Н. В.
4 Код отношения 070
c Титул (звания) магистр педагогики
c Титул (звания) выпускница
g Полное личное имя Наталья Владимировна
p Наименование/ адрес организации ФГБОУ ВО "Московский педагогический государственный университет"
801 Источник записи _0
a Страна RU
b Организация Ульяновская ОНБ
c Дата составления 20230614
g Правила каталогизации RCR
801 Источник записи _1
a Страна RU
b Организация Ульяновская ОНБ
c Дата составления 20230614
g Правила каталогизации RCR
901 Тип документа __
t Тип документа b
w Контрольный № источника UONB/MAIN/90fe6499ba09496fbb99bb4080cff8e6